[Event "Hoogeveen"]
[Site "VAM 2"]
[Date "1998.10.24"]
[Round "6"]
[White "Polgar, Judit"]
[Black "Shaked, Tal"]
[Result "1-0"]
[WhiteElo "2665"]
[BlackElo "2490"]
[Annotator "JvR"]
[PlyCount "57"]
[EventDate "1998.10.18"]
[SourceDate "1998.01.31"]

1. e4 e6 2. d4 d5 3. Nc3 Bb4 4. e5 c5 5. a3 Bxc3+ 6. bxc3 Ne7 7. Qg4 O-O 8. Bd3
f5 9. Qh3 Qa5 10. Bd2 Nbc6 11. Nf3 Qa4 12. Rg1 c4 13. Be2 Qxc2 14. Rc1 Qb2 15.
g4 Na5 16. Bd1 Nb3 17. Rc2 Qxa3 {White has sacrificed two pawns.} 18. Bh6 $1 {
A bishop is given additionally.} (18. Ng5 $6 h6 19. Nf3 {
should have favoured Black in Velimirovic - Drasco, Niksic 1996.}) 18... Ng6 $1
({The pointe is} 18... gxh6 19. Qxh6 Ng6 20. gxf5 Rxf5 21. Nh4 Qf8 22. Nxf5
Qxf5 23. h4 Qf8 24. Rxg6+ hxg6 25. Qxg6+ {
and White delivers perpetual check (Polgar).}) 19. gxf5 Rxf5 20. Be3 Bd7 (20...
Na1 21. Rc1 Nb3 {
is going to draw in Langheinrich - Kindermann, Bundesliga 2002.}) 21. Ng5 Nf8
22. f4 $1 Na1 $5 23. Rcg2 $1 Qxc3+ 24. Kf2 g6 $2 {He makes the decisive error.}
({Right is} 24... Rxg5 $1 25. Rxg5 Qb2+ 26. Kf1 g6) 25. Nxh7 $1 Rxf4+ $1 (25...
Kf7 $5 26. Rxg6 $1 Nxg6 27. Rxg6 $1 Kxg6 28. Nf6 Rxf6 29. Qh5+ $1 {
brings a mate attack by White.}) 26. Bf3 Qc2+ ({Or} 26... Nxh7 27. Rxg6+ Kh8
28. Bxf4 Qxd4+ 29. Be3) 27. Kg3 Rxf3+ 28. Kxf3 Qe4+ 29. Kf2 {Polgar charged.} (
29. Kf2 Qc2+ 30. Kg3 Nxh7 31. Rxc2 Nxc2 32. Kf2 {wins for White.}) 1-0

[Event "Hoogeveen"]
[Site "VAM 3"]
[Date "1999.10.17"]
[Round "1"]
[White "Sadvakasov, Darmen"]
[Black "Karpov, Anatoly"]
[Result "0-1"]
[WhiteElo "2468"]
[BlackElo "2700"]
[Annotator "JvR"]
[PlyCount "130"]
[EventDate "1999.10.15"]
[SourceDate "1998.01.31"]

{The third VAM tournament was played in Hoogeveen from 17 until 23 x 1999. VAM
was a recycling company. The former world champion was Karpov, the strongest
woman Polgar, the junior Sadvakasov and the best Dutch player Timman in the
crown group.} 1. e4 c6 2. d4 d5 3. Nd2 dxe4 4. Nxe4 Nd7 5. Ng5 Ngf6 6. Bd3 e6
7. N1f3 Bd6 8. Qe2 h6 9. Ne4 Nxe4 10. Qxe4 Qc7 11. Qg4 Kf8 12. O-O c5 13. Qh4
b6 14. Be4 Rb8 15. Rd1 c4 $5 ({The alternative is} 15... Ba6) 16. Ne5 Nf6 17.
Bf3 Bb7 18. Bxb7 Rxb7 19. b3 cxb3 20. cxb3 Nd5 $1 {
Karpov has equalised the game.} 21. Bf4 Qe7 22. Qg3 {
White avoids the exchange of queens.} Bxe5 $5 (22... Nxf4 23. Qxf4 {draws.})
23. Bxe5 Qg5 24. Qd3 $1 Rd7 25. Rac1 Qd8 $6 ({Better is} 25... Ke7 $5) 26. Qa6
Ne7 27. Qc4 $6 (27. Qe2 Kg8 28. h4 {keeps a plus.}) 27... Kg8 28. Bc7 $5 Qa8
29. Qa4 Qe8 30. Bb8 $5 Kh7 $1 31. Bc7 ({The pointe is} 31. Bxa7 $2 Rb7 $1)
31... Nd5 32. Be5 Qe7 33. Qc4 Qg5 34. Qd3+ Qg6 35. Qe2 $6 ({Preferable is} 35.
Qb5 Rhd8 36. h3 f6 37. Bg3) 35... Rhd8 $1 36. h4 h5 $1 37. Rd3 Qg4 $1 38. Qd2
$2 {White should accept the exchange and hope for the best.} f6 $1 39. Bg3 Ne7
$1 40. Qe3 ({The pointe is} 40. Rd1 e5 $1) 40... Rxd4 41. Rxd4 Rxd4 {
He has gained a pawn.} 42. f3 Nf5 $1 43. Qxe6 Qxg3 44. Qxf5+ Kh6 45. Qc2 Qxh4
46. Rd1 Qf4 47. Rd3 h4 {Black wins the endgame easily.} 48. Kh1 g6 49. Qc3 Rxd3
50. Qxd3 h3 51. gxh3 Qg3 52. Qd2+ Kh5 53. Qe3 Qxh3+ 54. Kg1 Qf5 55. Qe2 Qe5 56.
Qd1 Kh4 57. Kf2 Qh2+ 58. Ke3 Qe5+ 59. Kf2 f5 60. a4 Qg3+ 61. Ke3 Qe5+ 62. Kf2
Qh2+ 63. Ke3 g5 $1 64. Qd5 Qg1+ 65. Ke2 Kg3 $1 ({Notice} 65... Kg3 66. Qxf5
Qf2+ 67. Kd3 Qxf3+ {(Karpov).}) 0-1

[Event "Hoogeveen"]
[Site "VAM 3"]
[Date "1999.10.17"]
[Round "1"]
[White "Timman, Jan"]
[Black "Polgar, Judit"]
[Result "1-0"]
[WhiteElo "2650"]
[BlackElo "2671"]
[Annotator "JvR"]
[PlyCount "101"]
[EventDate "1999.10.15"]
[SourceDate "1998.01.31"]

1. Nf3 c5 2. c4 Nf6 3. Nc3 Nc6 4. d4 cxd4 5. Nxd4 e6 6. a3 Qc7 7. Ndb5 Qb8 8.
g3 a6 9. Nd4 Nxd4 10. Qxd4 b5 11. e4 $5 (11. Bg2 {
happened in Tunik - Dvoirys, Moscow 1996.}) 11... e5 $5 12. Qe3 Qc7 $6 ({
Preferable is} 12... Bb7 $1 13. cxb5 axb5 14. Bxb5 Bb4 15. f3 Bxc3+ 16. bxc3
Bxe4 $1) 13. cxb5 Bc5 $5 14. Qf3 Bd4 15. Bg5 $1 {A great fight starts.} Bxc3+
16. bxc3 {White threatens Bxf6.} Nxe4 $1 17. Qxe4 $1 Bb7 ({The pointe is} 17...
Qxc3+ $1 18. Ke2 $1 Qb2+ 19. Kf3) 18. Qb4 f6 $1 {Black prevents mate.} 19. b6
Qc6 20. O-O-O $1 {White sacrifices an exchange.} Qxh1 21. Bh3 Qe4 $1 22. Qd6 $6
(22. Bxd7+ $1 Kf7 23. Qb3+ Kg6 24. Be3 Rad8 25. Rd6 {gains an edge.}) 22... Kf7
$1 {Polgar defends brilliantly.} 23. Qxd7+ Kg6 24. Be6 Rhf8 $1 25. Be3 $1 {
The critical position has been reached.} Rad8 $2 (25... Bc6 $1 26. Bd5 $5 Bxd5
27. Qxd5 Qa4 {(Timman)} 28. b7 $5 Rad8 29. Qxd8 Rxd8 30. Rxd8 Qxa3+ 31. Kc2
Qa2+ 32. Kc1 Qa1+ {leads to perpetual check.}) 26. g4 $3 {
Timman strikes in a grand manner.} Rxd7 27. Bf5+ Qxf5 28. gxf5+ Kxf5 29. Rxd7 {
White wins the endgame.} Be4 30. Rxg7 Ke6 31. Kb2 $1 {The king moves forwards.}
Rd8 32. Kb3 f5 33. Kb4 f4 34. Bc5 Rd7 35. Rg8 $1 {
Exchange of rooks has to be avoided.} Bb7 36. Re8+ Kf5 37. c4 e4 38. Ka5 h5 39.
Rb8 e3 40. fxe3 f3 $1 41. e4+ $1 Bxe4 42. Kxa6 Kg4 43. a4 $1 Rf7 44. a5 Kh3 45.
b7 Kxh2 46. Kb6 Rf6+ 47. Ka7 Rf7 48. a6 $1 Bd3 49. Rc8 Kh3 50. Kb6 Rf6+ 51. Rc6
{Timman won a wonderful game.} 1-0

[Event "Hoogeveen"]
[Site "VAM 3"]
[Date "1999.10.18"]
[Round "2"]
[White "Karpov, Anatoly"]
[Black "Polgar, Judit"]
[Result "1/2-1/2"]
[WhiteElo "2700"]
[BlackElo "2671"]
[Annotator "JvR"]
[PlyCount "77"]
[EventDate "1999.10.15"]
[SourceDate "1998.01.31"]

1. d4 Nf6 2. c4 e6 3. Nc3 Bb4 4. Qc2 O-O 5. a3 Bxc3+ 6. Qxc3 b6 7. Bg5 Ba6 8.
e3 d6 9. b4 Nbd7 10. f3 Re8 $5 11. Nh3 h6 12. Bh4 Rc8 13. Bf2 d5 $5 14. b5 Bb7
15. cxd5 Nxd5 16. Qb2 e5 $6 ({Preferable is} 16... c5 $1 17. bxc6 Rxc6 18. Bb5
Rc7) 17. e4 $1 exd4 18. Bxd4 Nc5 $1 (18... N5f6 19. Be2 {favours White.}) 19.
Bxc5 $1 ({The pointe is} 19. Bxg7 $2 Nxe4 $1 20. fxe4 Qh4+) 19... bxc5 20.
O-O-O {White will gain a piece.} c6 $1 21. bxc6 $2 ({Better is} 21. exd5 cxd5
22. Bd3 Qa5 23. Bc2 {and White has a plus.}) 21... Bxc6 22. exd5 Qa5 $6 (22...
Ba4 $1 23. Bc4 Rb8 {brings a black attack.}) 23. dxc6 Rb8 24. c7 $5 Rxb2 25.
Kxb2 Qb6+ $2 (25... Qxc7 26. Bc4 Re3 $1 27. Nf2 Qe5+ {
achieves a great advantage.}) 26. Ka2 Qe6+ 27. Kb2 c4 $5 28. Rd8 Qb6+ 29. Kc3
Qb3+ 30. Kd4 Qb6+ 31. Kc3 Qa5+ 32. Kc2 Qa4+ 33. Kd2 c3+ $5 34. Kxc3 Qxa3+ 35.
Kc2 Qa2+ 36. Kc1 Qa3+ 37. Kc2 Qa4+ 38. Kc1 Qa1+ 39. Kc2 {
The game ends in a draw by perpetual check.} 1/2-1/2

[Event "Hoogeveen"]
[Site "VAM 3"]
[Date "1999.10.19"]
[Round "3"]
[White "Polgar, Judit"]
[Black "Sadvakasov, Darmen"]
[Result "1-0"]
[WhiteElo "2671"]
[BlackElo "2468"]
[Annotator "JvR"]
[PlyCount "107"]
[EventDate "1999.10.15"]
[SourceDate "1998.01.31"]

1. e4 c5 2. Nf3 d6 3. d4 cxd4 4. Nxd4 Nf6 5. Nc3 a6 6. Be3 e5 7. Nb3 Be6 8. f3
h5 9. Qd2 Nbd7 10. a4 Be7 11. Be2 Rc8 12. O-O Nb6 $5 13. Rfd1 d5 $1 {
Black had prepared the liberating move.} 14. a5 d4 $1 15. axb6 Bxb3 16. cxb3
dxe3 $1 17. Qxd8+ Bxd8 $5 18. Ra5 Nd7 19. Rad5 Nxb6 20. Rxe5+ Kf8 $5 21. Rc5 $1
Ke8 $6 ({Preferable is} 21... Rb8 $1 22. f4 g5 {(Polgar).}) 22. Rxc8 Nxc8 23.
Nd5 Ne7 24. Nxe3 {White has gained a pawn.} Bb6 25. Rd3 $1 Ng6 $6 ({
Slightly better is} 25... Nc6 26. Kf2 Rh6) 26. Kf1 Nf4 27. Rc3 Nxe2 $6 (27...
Kd7 $5 28. g3 Bxe3 29. Rxe3 Nxe2 30. Kxe2 Rh6 {offers more resistance.}) 28.
Kxe2 Kd7 29. Rd3+ Kc6 30. Nf5 Bc5 31. Rd5 $1 g6 32. Nd4+ Bxd4 33. Rxd4 {
She has an extra pawn in the rook ending.} a5 34. Ke3 Kc5 35. e5 Re8 36. f4 Re6
37. Ke4 b5 38. g3 Re7 39. h3 Re8 40. Rd7 $1 Kb4 41. Rxf7 Kxb3 42. g4 hxg4 43.
hxg4 Rb8 ({Or} 43... Kxb2 44. Rb7 b4 45. f5 $1 {also wins for White (Hecht).})
44. e6 Kxb2 45. e7 Re8 46. f5 gxf5+ 47. gxf5 a4 48. f6 a3 49. Rh7 $1 a2 50.
Rh2+ Ka3 51. Rh1 Kb2 52. Kd5 a1=Q 53. Rxa1 Kxa1 54. Ke6 {
Judit played a fine positional game.} 1-0

[Event "Hoogeveen"]
[Site "VAM 3"]
[Date "1999.10.19"]
[Round "3"]
[White "Timman, Jan"]
[Black "Karpov, Anatoly"]
[Result "1-0"]
[WhiteElo "2650"]
[BlackElo "2700"]
[Annotator "JvR"]
[PlyCount "89"]
[EventDate "1999.10.15"]
[SourceDate "1998.01.31"]

1. d4 Nf6 2. c4 e6 3. Nc3 Bb4 4. Nf3 b6 5. Qb3 Qe7 6. a3 Bxc3+ 7. Qxc3 Bb7 8.
e3 O-O 9. Be2 d6 10. O-O Nbd7 11. b4 c5 12. Bb2 a5 $5 13. Rfd1 axb4 $6 {
The activity on the queenside helps White.} ({Preferable is} 13... Ne4 14. Qb3
cxd4 15. Nxd4 Qg5) 14. axb4 Rfb8 $5 15. Nd2 Qd8 16. f3 Rxa1 17. Bxa1 Ra8 18.
Bd3 Qc7 19. Bc2 Rc8 $6 ({Better is} 19... cxd4 20. exd4 b5 $1 21. cxb5 Qxc3 22.
Bxc3 Nd5) 20. dxc5 dxc5 21. b5 $1 {White has a positional advantage.} Ne8 22.
Ne4 f6 23. Qd3 Bxe4 24. Qxe4 Nf8 25. Qd3 Kf7 $5 26. Bc3 Ke7 27. Ra1 Rd8 28. Qe2
Nd6 29. f4 Kf7 30. e4 $1 Nc8 31. e5 $1 {He gains more territory.} f5 32. Qf3
Ne7 33. h3 Kg8 34. Kh2 Nfg6 35. g3 Kf7 36. h4 $1 Kg8 37. h5 Nh8 38. g4 $1 Rf8
$2 (38... Nf7 $1 39. gxf5 Nxf5 40. Bxf5 exf5 {defends well.}) 39. gxf5 Nxf5 40.
Bxf5 Rxf5 ({Or} 40... exf5 41. e6 $1 {(Timman).}) 41. Ra8+ Rf8 42. Rxf8+ Kxf8
43. Qa8+ Kf7 44. Qxh8 Qb7 45. h6 $1 {
Timman led comforably after the first cycle.} 1-0

[Event "Hoogeveen"]
[Site "VAM 3"]
[Date "1999.10.21"]
[Round "4"]
[White "Karpov, Anatoly"]
[Black "Sadvakasov, Darmen"]
[Result "1/2-1/2"]
[WhiteElo "2700"]
[BlackElo "2468"]
[Annotator "JvR"]
[PlyCount "152"]
[EventDate "1999.10.15"]
[SourceDate "1998.01.31"]

1. Nf3 d5 2. d4 Nf6 3. c4 dxc4 4. e3 c5 5. Bxc4 e6 6. O-O a6 7. Bb3 cxd4 8.
exd4 Nc6 9. Nc3 Be7 10. d5 exd5 11. Nxd5 Nxd5 12. Bxd5 O-O 13. Be3 Nb4 $5 {
Black wants to exchange.} 14. Be4 Qxd1 15. Rfxd1 f5 16. Bb1 Nc6 $6 ({
More solid is} 16... Be6 17. a3 Nc6) 17. Bd3 Be6 18. Ng5 Bd5 19. Bxa6 $1 Rxa6
20. Rxd5 Bf6 21. Rxf5 Rfa8 $6 ({Better is} 21... h6 $1 22. Ne4 Bxb2 23. Rxf8+
Kxf8) 22. Ne4 Bxb2 23. Rb1 Rxa2 24. Rb5 Nd4 25. Rxb7 {White has gained a pawn.}
Ne2+ 26. Kf1 Nc3 27. Nxc3 Bxc3 28. g4 Ra1 29. Rxa1 Rxa1+ 30. Kg2 Ra4 31. h3 Bd4
32. Bf4 Ra7 33. Rb4 Rd7 34. h4 g6 35. Rb5 Rf7 36. Bg3 Kg7 37. h5 Kh6 $5 38. Rd5
Bb2 39. Bd6 Bc1 40. Kg3 g5 $5 41. Bc5 Kg7 42. Bd4+ Kf8 43. Be3 Bxe3 44. fxe3 {
Karpov will play for a win in the rook ending.} Re7 45. Kf3 h6 46. e4 Ra7 47.
Ke3 Ra4 48. Rd7 Kg8 49. Rd6 Kg7 50. Rg6+ Kh7 51. Rc6 Kg7 52. Rg6+ Kh7 53. Rc6
Kg7 54. Kd3 Rb4 55. Rg6+ Kh7 56. Rc6 Kg7 57. Rc4 Rb3+ 58. Rc3 Rb4 59. Rc4 Rb3+
60. Kd4 $5 Rg3 $1 61. Rc7+ Kg8 62. Rc6 (62. e5 Rxg4+ 63. Kd5 {(Hecht)} Rg2 $1
64. Ke6 g4 {draws.}) 62... Kg7 $2 (62... Kh7 $1 63. e5 Rxg4+ 64. Kd5 Rg2 $1 {
leads to the previously mentioned line.}) 63. Rg6+ $1 Kf7 64. Rxh6 Rxg4 65. Rg6
Rg1 66. Ke5 Rg4 67. Rf6+ Ke7 68. Ra6 Rh4 69. Ra7+ Ke8 70. Rh7 Kf8 71. Kf6 $2 (
71. h6 $1 Kg8 72. Rg7+ Kf8 73. Rg6 g4 74. Kf4 $1 Kf7 75. Kg5 Rh1 76. Rf6+ Ke7
77. Rf4 g3 78. Rg4 {wins for White.}) 71... Rf4+ 72. Kg6 g4 $1 73. Rh8+ Ke7 74.
Rg8 g3 75. Kh6 Rf6+ 76. Kh7 Rf7+ {Karpov missed a win in the endgame!} 1/2-1/2

[Event "Hoogeveen"]
[Site "VAM 3"]
[Date "1999.10.21"]
[Round "4"]
[White "Polgar, Judit"]
[Black "Timman, Jan"]
[Result "1/2-1/2"]
[WhiteElo "2671"]
[BlackElo "2650"]
[Annotator "JvR"]
[PlyCount "118"]
[EventDate "1999.10.15"]
[SourceDate "1998.01.31"]

1. e4 e5 2. d4 exd4 3. Qxd4 Nc6 4. Qe3 Nf6 5. Bd2 Be7 6. Nc3 d5 7. exd5 Nxd5 8.
Qg3 Nxc3 9. Bxc3 Bf6 10. Bb5 Qd5 $6 (10... O-O {
was played in Walbrodt - Mieses, Berlin 1894.}) 11. Bxf6 gxf6 12. Bxc6+ Qxc6 $6
({Better is} 12... bxc6 $1 13. Ne2 Ba6 14. Qe3+ Qe5) 13. O-O-O $6 (13. Qg7 $5
Ke7 14. Qxh8 Qe4+ 15. Kf1 b6 (15... Bh3 $4 16. Qg7 $1) 16. Qg7 Ba6+ 17. Ne2
Bxe2+ 18. Kg1 {gains an advantage.}) 13... Bd7 14. Qa3 Qb6 15. Re1+ Be6 16.
Qa4+ $5 c6 17. Rd1 Rg8 18. Nf3 $5 Rxg2 19. Qf4 Qc5 $1 20. Qe4 $5 Qf5 $5 21. Qe2
$6 ({Preferable is} 21. Qe3 $1 Rg4 $1 22. Nd4 Qe5 23. Rhe1) 21... Qf4+ 22. Kb1
Qc4 23. Qxc4 Bxc4 24. Rhg1 Rxg1 25. Rxg1 Kf8 {Black has a better endgame.} 26.
Rg4 Bd5 27. Rf4 Re8 28. Kc1 Re2 29. c4 Re4 30. Rxe4 Bxe4 31. Nd2 Bf5 32. b4 Ke7
33. Kb2 Ke6 34. Kc3 Ke5 35. a4 h5 36. c5 $5 Be6 37. Kd3 a5 $5 38. bxa5 Kd5 39.
Kc3 Bf5 40. Kb4 Bd3 41. Kc3 Be2 42. Nb3 Bd1 43. Nd4 Kxc5 $1 44. Nf5 Bg4 45. Ne3
Bf3 $6 (45... Bh3 $5 46. f4 Be6 47. h4 Kd6 48. Kd4 c5+ 49. Kc3 Bg4 {
brings no serious winning plan.}) 46. h4 Be4 47. Nf1 $1 Bf3 48. Ng3 f5 $5 49.
Nxf5 Bg4 50. Nh6 Be6 51. Ng8 f5 52. Nf6 Bf7 53. Nd7+ Kd6 54. Nb6 f4 55. Kd4 Bd5
56. Nc8+ Kd7 57. Nb6+ Kd6 58. Nc8+ Kd7 59. Nb6+ Kd6 {
It took a great effort to draw this game.} 1/2-1/2

[Event "Hoogeveen"]
[Site "VAM 3"]
[Date "1999.10.22"]
[Round "5"]
[White "Karpov, Anatoly"]
[Black "Timman, Jan"]
[Result "1/2-1/2"]
[WhiteElo "2700"]
[BlackElo "2650"]
[Annotator "JvR"]
[PlyCount "57"]
[EventDate "1999.10.15"]
[SourceDate "1998.01.31"]

1. d4 Nf6 2. c4 e6 3. Nf3 b6 4. g3 Ba6 5. b3 Bb4+ 6. Bd2 Be7 7. Bg2 c6 8. Bc3
d5 9. Ne5 Nfd7 10. Nxd7 Nxd7 11. Nd2 O-O 12. O-O Nf6 13. e4 b5 14. Re1 dxe4 15.
Qc2 Rc8 16. Rad1 Nd5 17. Bxe4 Nxc3 18. Qxc3 Bf6 19. Qc2 g6 20. Nf3 bxc4 21.
bxc4 Qa5 22. c5 Bb5 $5 ({Timman diverts from} 22... Rfd8 {
(Karpov - Adams, Dos Hermanas 1999).}) 23. Qc1 Qxa2 24. Qf4 Bg7 25. Ra1 Qb2 26.
Reb1 Qc3 27. Rc1 Qb2 28. Rab1 Qa2 29. Ra1 {The grandmasters were well prepared.
} 1/2-1/2

[Event "Hoogeveen"]
[Site "VAM 3"]
[Date "1999.10.22"]
[Round "5"]
[White "Sadvakasov, Darmen"]
[Black "Polgar, Judit"]
[Result "0-1"]
[WhiteElo "2468"]
[BlackElo "2671"]
[Annotator "JvR"]
[PlyCount "82"]
[EventDate "1999.10.15"]
[SourceDate "1998.01.31"]

1. e4 c5 2. Nf3 e6 3. g3 b6 4. Bg2 Bb7 5. Nc3 d6 6. O-O Nf6 7. d3 Nc6 8. Ng5 $5
({More solid is} 8. Re1) 8... h6 $1 9. Nh3 Qd7 10. f4 O-O-O 11. f5 Kb8 12. Nf4
$5 Qe8 $5 13. a4 g5 14. fxg6 $5 fxg6 15. Nfe2 $6 ({Preferable is} 15. Bh3 $1
Bc8 16. Be3) 15... Ng4 $1 16. h3 Nge5 17. d4 $6 cxd4 18. Nxd4 Nxd4 19. Qxd4 Bg7
20. Kh1 Rf8 21. Bd2 Qd7 22. Qb4 Rxf1+ 23. Rxf1 Rc8 24. Nb5 Rc4 $6 (24... Nc4 {
keeps a positional advantage.}) 25. Qxd6+ Qxd6 26. Nxd6 Rd4 27. Ne8 $1 Rxd2 28.
Nxg7 Bc8 $1 29. Rf8 Kb7 30. b3 $2 (30. b4 $1 Rxc2 31. Rf6 $1 Rc6 32. b5 Rd6 33.
Kg1 {defends well.}) 30... Rxc2 31. Ne8 (31. Rf6 $6 Rc6 $1 32. b4 Kc7 33. b5
Rc1+ 34. Kh2 Kd6 {wins for Black, because can protect his pawns timely.}) 31...
Kc6 $1 32. Nf6 Kd6 33. Ng4 Nxg4 34. hxg4 a5 35. Rf6 $5 Bb7 $1 36. Rf7 ({
The pointe is} 36. Rxg6 $2 Rxg2 $1) 36... Bc6 37. Rh7 Kc5 38. Re7 Kb4 39. Rxe6
Kxb3 40. Rxg6 Kxa4 41. Rxh6 b5 $1 {Polgar neared the leader Timman.} 0-1

[Event "Hoogeveen"]
[Site "VAM 3"]
[Date "1999.10.23"]
[Round "6"]
[White "Timman, Jan"]
[Black "Sadvakasov, Darmen"]
[Result "0-1"]
[WhiteElo "2650"]
[BlackElo "2468"]
[Annotator "JvR"]
[PlyCount "84"]
[EventDate "1999.10.15"]
[SourceDate "1998.01.31"]

1. c4 e5 2. Nc3 Nf6 3. Nf3 Nc6 4. g3 Bc5 5. Bg2 d6 6. O-O a6 7. e3 O-O 8. d4
Ba7 9. h3 h6 10. b3 Re8 11. Ba3 $5 exd4 12. Nxd4 Nxd4 13. exd4 Rb8 14. Qd3 Bd7
15. Rfe1 b5 16. Bb2 b4 17. Ne2 c6 18. a4 a5 19. Nf4 g5 $5 20. Ne2 $6 (20. Ng6
$1 Rc8 $1 21. Rac1 {favours White (Ftacnik).}) 20... d5 $1 21. h4 $5 Ne4 $5 22.
hxg5 hxg5 23. g4 $6 ({Preferable is} 23. f3 dxc4 24. bxc4) 23... Qf6 24. Rf1 $2
({Correct is} 24. Bxe4 Rxe4 25. f3) 24... Bxg4 $1 25. f3 Nc5 $1 26. Qd1 ({Or} 
26. dxc5 Qxb2 27. fxg4 Bxc5+ 28. Kh1 Re3) 26... Bf5 27. Ra2 Nxb3 28. c5 Qg6 29.
f4 Bc2 30. f5 Bxd1 31. fxg6 Rxe2 32. gxf7+ Kf8 33. Rxd1 Kxf7 $1 34. Bf1 Rd2 35.
Rxd2 Nxd2 36. Be2 Nc4 37. Bh5+ Kg7 38. Bc1 b3 $1 39. Rf2 b2 40. Bxb2 Rxb2 41.
Rf7+ Kh6 42. Bf3 Bb8 {The final standings became: Timman and Polgar 31/2/6 (f
8750), Karpov 3 f 5000), Sadvakasov 2 (f 2500). Timman became the winner on
tie-break.} 0-1

[Event "Hoogeveen"]
[Site "Essent 4"]
[Date "2000.10.15"]
[Round "1"]
[White "Galkin, Alexander"]
[Black "Khalifman, Alexander"]
[Result "0-1"]
[WhiteElo "2587"]
[BlackElo "2667"]
[Annotator "JvR"]
[PlyCount "73"]
[EventDate "2000.10.15"]
[SourceDate "1998.01.31"]

{The fourth Hoogeveen tournament was played from 15 until 21 x 2000. Essent,
an energy distributer, was the new sponsor. Participants were the FIDE
champion Khalifman, strongest woman Polgar, best Dutch player Timman and the
junior Galkin.} 1. e4 e6 2. d4 d5 3. Nc3 Bb4 4. e5 c5 5. a3 Ba5 6. b4 cxd4 7.
Qg4 Ne7 8. bxa5 dxc3 9. Qxg7 Rg8 10. Qxh7 Nbc6 11. Nf3 Qc7 12. Bf4 Bd7 13. Bd3
O-O-O 14. Bg3 Qxa5 15. O-O Rh8 16. Qxf7 Rdf8 17. Qg7 Rhg8 18. Qh6 Rxf3 19. gxf3
Nd4 20. Qf4 Nef5 21. Kh1 {They play a colourful opening.} Bb5 $5 (21... Qc5 {
was played in Lutz - Lyrberg, Katrineholm 1999.}) 22. Rfd1 $1 Bxd3 23. Rxd3 Qc5
24. Qc1 $1 {Passive consolidation is needed.} Kb8 25. Qd1 $1 Rc8 26. Bf4 Nc6
27. Qe1 Qc4 28. Bg5 Ncd4 29. Qd1 Qa4 30. Ra2 Qc4 31. Ra1 Qa4 32. Ra2 Nb5 $5 33.
f4 $5 Qe4+ 34. f3 $1 Qa4 35. Qe1 d4 36. h4 $6 ({Preferable is} 36. Qe2) 36...
Nc7 37. Qe4 $4 {White misses a fork.} ({Better is} 37. Kg1 Na6 38. Qd1 $1) 0-1

[Event "Hoogeveen"]
[Site "Essent 4"]
[Date "2000.10.16"]
[Round "2"]
[White "Khalifman, Alexander"]
[Black "Timman, Jan"]
[Result "1-0"]
[WhiteElo "2667"]
[BlackElo "2639"]
[Annotator "JvR"]
[PlyCount "71"]
[EventDate "2000.10.15"]
[SourceDate "1998.01.31"]

1. e4 e5 2. Nf3 Nf6 3. Nxe5 d6 4. Nf3 Nxe4 5. d4 d5 6. Bd3 Nc6 7. O-O Be7 8. c4
Nb4 9. Be2 O-O 10. Nc3 Be6 11. Ne5 f6 12. Nf3 Kh8 13. Re1 c6 $2 ({Preferable is
} 13... f5 14. a3 Nc6) 14. a3 $1 Na6 15. cxd5 cxd5 {
A knight is misplaced on a6.} 16. Bd3 f5 17. Bf4 Rc8 18. Qb3 Bf6 $1 ({Or} 18...
Qb6 19. Qxb6 axb6 20. Rac1) 19. Be5 $1 ({The pointe is} 19. Qxb7 $6 Nac5 $1 20.
dxc5 Nxc5 21. Qxa7 Nxd3 22. Rxe6 Nxf4 {(Khalifman).}) 19... Qe7 20. Rac1 Bg8 $6
21. Bxa6 $6 (21. Bxf6 $1 gxf6 22. Nh4 {wins for White.}) 21... bxa6 22. Ne2
Bxe5 23. Nxe5 Rb8 24. Qh3 $1 {White threatens mate in one.} Rb6 25. Nf4 Bf7 $2
(25... Qg5 26. Qe3 Qd8 {offers more resistance.}) 26. f3 $1 g5 27. fxe4 gxf4
28. exf5 Qg5 29. Rc8 $1 Qg7 30. Rxf8+ Qxf8 31. Nd7 Qg7 32. f6 Rxf6 33. Nxf6
Qxf6 34. Kh1 Qxd4 35. Qc3 Qg7 36. Re7 {Khalifman played like a world champion.}
1-0

[Event "Hoogeveen"]
[Site "Essent 4"]
[Date "2000.10.17"]
[Round "3"]
[White "Polgar, Judit"]
[Black "Khalifman, Alexander"]
[Result "0-1"]
[WhiteElo "2656"]
[BlackElo "2667"]
[Annotator "JvR"]
[PlyCount "74"]
[EventDate "2000.10.15"]
[SourceDate "1998.01.31"]

1. e4 e6 2. d4 d5 3. Nc3 Bb4 4. e5 c5 5. a3 Ba5 6. b4 cxd4 7. Qg4 Ne7 8. bxa5
dxc3 9. Qxg7 Rg8 10. Qxh7 Nbc6 11. Nf3 Qc7 12. Bf4 Bd7 13. Bd3 O-O-O 14. Bg3
Qxa5 15. O-O Rh8 16. Qg7 (16. Qxf7 {happened in Galkin - Khalifman, round 1.})
16... d4 17. Qg4 $5 (17. Rfe1 {
was played in De Firmian - Lyrberg, Denmark 1998.}) ({
An interesting alternative is} 17. Bh7) 17... Nf5 $1 18. Rfb1 ({
A novelty will become} 18. Rfe1 $5 {(Jakovenko - Werle, Oropesa del Mar 2001).}
) 18... Nxg3 19. Qxg3 Qc7 $1 20. Kf1 $6 {White loses times.} ({Preferable is} 
20. Qf4 $5 f5 21. Nxd4 Nxe5) 20... Rhg8 21. Qf4 f5 $1 22. h3 Kb8 $5 23. Re1 $6
Bc8 24. Ng5 Rd5 25. Nf3 Ne7 $5 {Black keeps the initiative.} 26. Rab1 Ng6 27.
Qh2 Qh7 28. Rb4 $5 Nh4 29. Nxd4 $2 (29. Nxh4 Qxh4 30. g3 Qh8 31. f4 {
defends passively.}) 29... Nxg2 30. Reb1 Qd7 $1 31. Ne2 Rxd3 $1 {
Alexander decides the game elegantly.} 32. cxd3 Qxd3 33. Rc1 c2 34. Rd4 $1 Qf3
35. Nf4 b6 $1 {He develops his last piece.} 36. Nxg2 Ba6+ 37. Kg1 Bb7 {
Khalifman had scored 3/3 in the first cycle.} 0-1

[Event "Hoogeveen"]
[Site "Essent 4"]
[Date "2000.10.17"]
[Round "3"]
[White "Timman, Jan"]
[Black "Galkin, Alexander"]
[Result "1/2-1/2"]
[WhiteElo "2639"]
[BlackElo "2587"]
[Annotator "JvR"]
[PlyCount "61"]
[EventDate "2000.10.15"]
[SourceDate "1998.01.31"]

1. e4 c6 2. d4 d5 3. Nd2 dxe4 4. Nxe4 Nd7 5. Ng5 Ngf6 6. Bd3 e6 7. N1f3 Bd6 8.
Qe2 h6 9. Ne4 Nxe4 10. Qxe4 Qc7 11. Qg4 Kf8 12. O-O c5 13. Qh4 b6 14. Be4 Rb8
15. Rd1 c4 16. d5 e5 17. Bf5 Kg8 18. Be3 $5 ({Known is} 18. Nd2) 18... Nf6 19.
Bxc8 Rxc8 20. a4 Qd7 $1 {The chances are equal.} 21. c3 Rc7 22. Nd2 (22. a5 b5
23. h3 Qf5 {leads to equality (Galkin).}) 22... Ng4 23. h3 Nxe3 24. fxe3 f5 25.
e4 f4 26. Nf3 g5 27. Qh5 Qf7 28. Qg4 Qd7 29. Qh5 Qf7 30. Qg4 Qd7 31. Qh5 {
The threefold repetition draws.} 1/2-1/2